Thermodynamics: an engineering approach / (Record no. 13017)
[ view plain ]
| 000 -LEADER | |
|---|---|
| fixed length control field | 00366cam a2200133ua 4500 |
| 020 ## - INTERNATIONAL STANDARD BOOK NUMBER | |
| ISBN | 9780071216883 |
| 082 ## - DEWEY DECIMAL CLASSIFICATION NUMBER | |
| Classification number | 621.4021 |
| Item number | CEN/TH |
| 100 ## - MAIN ENTRY--AUTHOR NAME | |
| Personal name | Cengel, Yunus A. |
| 245 ## - TITLE STATEMENT | |
| Title | Thermodynamics: an engineering approach / |
| 260 ## - PUBLICATION, DISTRIBUTION, ETC. (IMPRINT) | |
| Place of publication | New Delhi : |
| Name of publisher | Tata Mc-Graw Hill Publishing Company , |
| Year of publication | 2006. |
| 300 ## - PHYSICAL DESCRIPTION | |
| Number of Pages | ; |
| Accompanying material | `. |
| 700 1# - ADDED ENTRY--PERSONAL NAME | |
| Personal name | Boles, Michael A . |
| 942 ## - ADDED ENTRY ELEMENTS (KOHA) | |
| Koha item type | Books |
| Withdrawn status | Lost status | Damaged status | Home library | Current library | Date acquired | Full call number | Accession Number | Koha item type | Collection code | Shelving location | Source of acquisition |
|---|---|---|---|---|---|---|---|---|---|---|---|
| KAUAET | KAUAET | 07/04/2012 | 621.4021 CEN/TH | 21141 | Books | ||||||
| KAUAET | KAUAET | 30/03/2013 | 621.4021 CEN/TH | 23694 | Books | Non-fiction | General Stacks | Calicut Book Distributors |
